BCIS quarterly review of building prices (Record no. 112019)

MARC details
000 -LEADER
fixed length control field 00546cam a2200193 a 4500
001 - CONTROL NUMBER
control field E152362
008 - FIXED-LENGTH DATA ELEMENTS--GENERAL INFORMATION
fixed length control field 110228s2011 xxk f 000 0 eng d
022 1# - INTERNATIONAL STANDARD SERIAL NUMBER
International Standard Serial Number 0260-6216
035 ## - SYSTEM CONTROL NUMBER
System control number (Sirsi) u152362
041 0# - LANGUAGE CODE
Language code of text/sound track or separate title eng
050 04 - LIBRARY OF CONGRESS CALL NUMBER
Classification number 692.5 $2 18
110 2# - MAIN ENTRY--CORPORATE NAME
Corporate name or jurisdiction name as entry element Building Cost Information Service
9 (RLIN) 1096
245 00 - TITLE STATEMENT
Title BCIS quarterly review of building prices
Remainder of title issue 120 - 123 (Jan - Oct 2011)
260 ## - PUBLICATION, DISTRIBUTION, ETC.
Place of publication, distribution, etc. London
Name of publisher, distributor, etc. BCIS
Date of publication, distribution, etc. 2011
300 ## - PHYSICAL DESCRIPTION
Extent 40p.
Dimensions 30cm.
651 #4 - SUBJECT ADDED ENTRY--GEOGRAPHIC NAME
Geographic name United Kingdom
Chronological subdivision
690 ## - LOCAL SUBJECT ADDED ENTRY--TOPICAL TERM (OCLC, RLIN)
Topical term or geographic name as entry element BUILT ENVIRONMENT-BUILDING COSTS
942 ## - ADDED ENTRY ELEMENTS (KOHA)
Suppress in OPAC 0
Holdings
Withdrawn status Lost status Source of classification or shelving scheme Damaged status Not for loan Home library Current library Shelving location Date acquired Total Checkouts Full call number Barcode Date last seen Copy number Price effective from Koha item type
    Dewey Decimal Classification     London London BCIS/BMI publications 28/03/2011   BCIS ISS 120 JAN 2011 30075633 06/08/2019 1 06/08/2019 Reference material
    Dewey Decimal Classification     London London BCIS/BMI publications 06/06/2011   BCIS ISS 120 JAN 2011 30076918 06/08/2019 2 06/08/2019 Reference material
    Dewey Decimal Classification     London London BCIS/BMI publications 20/06/2011   BCIS ISS 121 APR 2011 30076602 06/08/2019 2 06/08/2019 Reference material
    Dewey Decimal Classification     London London BCIS/BMI publications 20/06/2011   BCIS ISS 121 APR 2011 30076603 06/08/2019 3 06/08/2019 Reference material
    Dewey Decimal Classification     London London BCIS/BMI publications 01/08/2011   BCIS ISS 122 JUL 2011 30075814 06/08/2019 1 06/08/2019 Reference material
    Dewey Decimal Classification     London London BCIS/BMI publications 01/08/2011   BCIS ISS 122 JUL 2011 30075810 06/08/2019 2 06/08/2019 Reference material
    Dewey Decimal Classification     London London BCIS/BMI publications 13/02/2012   BCIS ISS 123 OCT 2011 30077290 06/08/2019 1 06/08/2019 Reference material
    Dewey Decimal Classification     London London Reference copy 16/02/2012   BCIS ISS 123 OCT 2011 30077294 06/08/2019 3 06/08/2019 Reference material